00612nam a2200157Ia 4500008004100000041000800041082002100049100001800070245012700088250000600215260004100221300001300262650003000275999001900305952013000324210716s2016 xx 000 0 und d aeng a658.4038011 SIEE aSiegel, Eric. aPredictive analytics: the power to predict who will click buy lie or die.bPower to predict who will click buy lie or die. a1 aNew DelhibWiley India Pvt Ltdc2016 axxxi,332 aDecision making(658.403) c209966d209966 001040708MBAaAIMITbAIMITd2017-02-10g699.00l0o658.4038011 SIEEpMBA12532r2026-05-23 00:00:00v538.23w2021-07-16yBK